[Event "Nizhnij Novgorod-ch"]
[Site "Nizhnij Novgorod"]
[Date "2010.03.??"]
[Round "?"]
[White "Golubev, Viktor V"]
[Black "Kulagina, Ekaterina"]
[Result "1/2-1/2"]
[WhiteElo "1738"]
[BlackElo "1736"]
[PlyCount "109"]
[EventDate "2010.03.13"]
[EventType "swiss"]
[EventRounds "9"]
[EventCountry "RUS"]
[SourceTitle "EXT 2022"]
[Source "ChessBase"]
[SourceDate "2021.10.06"]
[SourceVersion "1"]
[SourceVersionDate "2021.10.06"]
[SourceQuality "1"]

1. d4 Nf6 2. c4 g6 3. Nc3 Bg7 4. Nf3 0-0 5. g3 d6 6. Bg2 Nbd7 7. 0-0 e5 8. e3 Nh5 9. g4 Nhf6 10. h3 h5 11. g5 Nh7 12. h4 f6 13. e4 fxg5 14. Nxg5 Nxg5 15. Bxg5 Bf6 16. dxe5 Nxe5 17. f4 Ng4 18. Qd5+ Kh7 19. Rae1 Qe7 20. Qd3 Bxg5 21. Nd5 Qg7 22. fxg5 Be6 23. b3 Qe5 24. Nf6+ Nxf6 25. Rxf6 Rxf6 26. gxf6 Qxf6 27. Qg3 Qd4+ 28. Kh1 Rf8 29. Qg5 Qf6 30. Qxf6 Rxf6 31. e5 dxe5 32. Rxe5 c6 33. Kg1 Kg7 34. Re3 Bf5 35. Re7+ Rf7 36. Rxf7+ Kxf7 37. c5 a5 38. a3 Ke6 39. Kf2 Ke5 40. Ke3 Bg4 41. Be4 Bf5 42. Bf3 Bc2 43. b4 axb4 44. axb4 Kf5 45. b5 Ba4 46. bxc6 Bxc6 47. Be2 g5 48. hxg5 Kxg5 49. Kf2 h4 50. Kg1 h3 51. Kh2 Bg2 52. Kg3 Kf5 53. Bg4+ Ke5 54. Bc8 Kd4 55. Bxb7 1/2-1/2

[Event "Nizhnij Novgorod-ch"]
[Site "Nizhnij Novgorod"]
[Date "2010.03.??"]
[Round "?"]
[White "Golubev, Viktor V"]
[Black "Shilnikov, Igor S"]
[Result "0-1"]
[WhiteElo "1738"]
[BlackElo "1933"]
[PlyCount "34"]
[EventDate "2010.03.13"]
[EventType "swiss"]
[EventRounds "9"]
[EventCountry "RUS"]
[SourceTitle "EXT 2022"]
[Source "ChessBase"]
[SourceDate "2021.10.06"]
[SourceVersion "1"]
[SourceVersionDate "2021.10.06"]
[SourceQuality "1"]

1. d4 d5 2. Nf3 Nf6 3. c4 e6 4. Nc3 c6 5. Bg5 Nbd7 6. e3 Qa5 7. Nd2 Bb4 8. Qb3 dxc4 9. Nxc4 Bxc3+ 10. bxc3 Qxg5 11. Nd6+ Kf8 12. Nxc8 Rxc8 13. Qxb7 Ke7 14. Qxa7 Ra8 15. Qb7 Rhc8 16. g3 Qd5 17. Rg1 Qa5 0-1